Bordeaux - Tous les joueurs à plus de 100 matchs - Statistiques

Statistiques générales
  • Ce quiz a été pris 214 fois
  • Le résultat moyen est 14 sur 34
Statistiques - réponses
Joueurs Matchs % Correct
Cédric Carrasso 314
83%
Benoit Costil 169
82%
Marc Planus 382
77%
Jaroslav Plasil 367
73%
Ulrich Ramé 525
68%
Benoit Tremoulinas 220
67%
Cheick Diabaté 152
55%
Matthieu Chalmé 167
51%
Alou Diarra 164
50%
Wendel 207
46%
Yoan Gouffran 180
46%
Ludovic Sané 240
44%
Diego Rolan 174
43%
Jussié 251
42%
Jimmy Briand 101
41%
Henri Saivet 178
40%
Nicolas Maurice-Belay 187
37%
Grégory Sertic 181
36%
Maxime Poundjé 159
36%
Fernando Menegazzo 241
35%
Michael Ciani 116
33%
François Kamano 139
32%
Henrique 208
31%
Mariano 143
31%
Nicolas De Préville 126
30%
Otavio 122
28%
Pablo 115
28%
Youssouf Sabaly 150
28%
David Bellion 156
26%
Abdou Traoré 125
20%
Nicolas Pallois 101
19%
Julien Faubert 177
18%
André Biyogo Poko 100
17%
Florian Marange 114
9%
Aucun quiz correspondant
Distribution des résultats
% des personnes avec chaque résultat
Percentile par nombre de réponses
Votre historique - résultats
Vous n’avez pas pris ce quiz